[Event "18 Open international de La Reunion"]
[Site "Salle des fêtes de Bellepierre"]
[Date "2016.10.12"]
[Round "4.10"]
[White "Mablouke, Ulrich"]
[Black "Andriandaza, Tombo Omar"]
[Result "0-1"]
[WhiteElo "1565"]
[BlackElo "1699"]
[PlyCount "33"]
[EventDate "2016.??.??"]

1. e4 d6 2. f4 Nd7 3. Nf3 c6 4. d4 Ngf6 5. e5 Ne4 6. e6 fxe6 7. Bd3 Ndf6 8.
Nbd2 Nxd2 9. Nxd2 Qa5 10. c3 Bd7 11. g4 g6 12. Nc4 Qc7 13. h4 O-O-O 14. b4 Bg7
15. a4 e5 16. Bd2 Bxg4 17. b5 0-1

[Event "18 Open international de La Reunion"]
[Site "Salle des fêtes de Bellepierre"]
[Date "2016.10.12"]
[Round "4.11"]
[White "Assie, Joel"]
[Black "Rajaobelina, Hery"]
[Result "0-1"]
[WhiteElo "1449"]
[BlackElo "1683"]
[PlyCount "68"]
[EventDate "2016.??.??"]

1. d4 Nf6 2. Nf3 g6 3. Bf4 Bg7 4. Nbd2 d5 5. h3 Nbd7 6. c3 c5 7. e3 a6 8. Be2
b6 9. Ne5 Bb7 10. O-O O-O 11. Nxd7 Nxd7 12. Nf3 Re8 13. Qc2 e5 14. Bg5 f6 15.
Bh4 e4 16. Nd2 g5 17. Bg3 f5 18. f4 exf3 19. Rxf3 f4 20. Bf2 Nf6 21. Re1 cxd4
22. exf4 dxc3 23. bxc3 Ne4 24. Bd4 Rc8 25. Bxg7 Kxg7 26. Nb3 d4 27. c4 Nc3 28.
Rg3 Be4 29. Bd3 Bxd3 30. Rxg5+ Kf6 31. Rxe8 Bxc2 32. Rxd8 Rxd8 33. Re5 Bxb3 34.
axb3 d3 0-1

[Event "18 Open international de La Reunion"]
[Site "Salle des fêtes de Bellepierre"]
[Date "2016.10.12"]
[Round "4.12"]
[White "Goorsahye, Antoine"]
[Black "Larmet, Nino"]
[Result "1-0"]
[WhiteElo "1672"]
[BlackElo "1418"]
[PlyCount "51"]
[EventDate "2016.??.??"]

1. e4 c6 2. d4 d6 3. f4 Nd7 4. Nf3 Qc7 5. Nc3 e5 6. Bc4 Be7 7. O-O Ngf6 8. Bb3
O-O 9. fxe5 dxe5 10. Bg5 h6 11. Bh4 Qb6 12. Kh1 exd4 13. Nxd4 Bc5 14. Nf5 Re8
15. Nxh6+ gxh6 16. Bxf6 Nxf6 17. Rxf6 Be6 18. Rxh6 Bxb3 19. Qg4+ Kf8 20. Qg5
Bd4 21. axb3 Rad8 22. Rf1 Rd7 23. Rff6 Bxc3 24. Rh8+ Ke7 25. Rxc6+ Bf6 26.
Qxf6# 1-0

[Event "18 Open international de La Reunion"]
[Site "Salle des fêtes de Bellepierre"]
[Date "2016.10.12"]
[Round "4.13"]
[White "Padre, Maxime"]
[Black "Herrero, Alain"]
[Result "0-1"]
[WhiteElo "1261"]
[BlackElo "1658"]
[PlyCount "68"]
[EventDate "2016.??.??"]

1. e4 c5 2. Nc3 Nc6 3. g3 g6 4. Bg2 Bg7 5. f4 d6 6. Nf3 e6 7. O-O Nge7 8. d3
O-O 9. Bd2 a6 10. Rb1 Qc7 11. h3 b5 12. g4 f5 13. g5 Bb7 14. h4 Nd4 15. Nxd4
cxd4 16. Ne2 Rac8 17. c3 Nc6 18. Rc1 Qb6 19. Kh2 Rf7 20. Bf3 b4 21. c4 Ne7 22.
Ng3 d5 23. cxd5 Rxc1 24. Bxc1 fxe4 25. dxe4 exd5 26. e5 a5 27. b3 Ba6 28. Be2
Bxe2 29. Nxe2 Nf5 30. Kh3 Qe6 31. Kh2 Rc7 32. Rf2 Qc6 33. Bb2 Qc2 34. Qc1 d3
0-1

[Event "18 Open international de La Reunion"]
[Site "Salle des fêtes de Bellepierre"]
[Date "2016.10.11"]
[Round "4.14"]
[White "Mercadal, Theo"]
[Black "Dazin, Nathan"]
[Result "1/2-1/2"]
[WhiteElo "1513"]
[BlackElo "1229"]
[PlyCount "116"]
[EventDate "2016.??.??"]

1. e4 e5 2. Nf3 Nc6 3. Bc4 Bc5 4. O-O Nf6 5. d3 h6 6. Be3 Bb6 7. Nc3 O-O 8. d4
Bxd4 9. Nxd4 exd4 10. Bxd4 Nxd4 11. Qxd4 d6 12. Rfe1 Re8 13. Rad1 Be6 14. Bb3
Bxb3 15. axb3 b6 16. h3 Rb8 17. Rd2 Qe7 18. Re3 Qe5 19. Qxe5 Rxe5 20. f4 Ree8
21. e5 dxe5 22. fxe5 Nh5 23. Rd7 Rbc8 24. g3 Red8 25. Rdd3 c6 26. Rf3 g6 27.
Ne4 Rxd3 28. Rxd3 Re8 29. Nf6+ Nxf6 30. exf6 Re2 31. Rc3 Re1+ 32. Kf2 Rb1 33.
Rxc6 Rxb2 34. Ke3 h5 35. Rc7 a6 36. Kd3 Rb1 37. Ke3 Rh1 38. h4 Rg1 39. Kf2 Rc1
40. Rc6 a5 41. Ke2 b5 42. Ke3 a4 43. b4 a3 44. Ra6 Rxc2 45. Rxa3 Rb2 46. Kd4
Rxb4+ 47. Kc5 Ra4 48. Rf3 b4 49. Rf4 Ra3 50. Kxb4 Rxg3 51. Kc5 g5 52. Rf5 g4
53. Rxh5 Rh3 54. Rg5+ Kh7 55. Rxg4 Rf3 56. Rg7+ Kh6 57. Rxf7 Kg6 58. Rf8 Rxf6
1/2-1/2

[Event "18 Open international de La Reunion"]
[Site "Salle des fêtes de Bellepierre"]
[Date "2016.10.12"]
[Round "4.15"]
[White "Frelicot, Eric"]
[Black "Vitry, Patrick"]
[Result "0-1"]
[WhiteElo "1749"]
[BlackElo "1613"]
[PlyCount "72"]
[EventDate "2016.??.??"]

1. c4 e5 2. Nc3 d6 3. Nf3 f5 4. e4 fxe4 5. Nxe4 Nf6 6. Nxf6+ Qxf6 7. d3 Nc6 8.
Bg5 Qf5 9. Qd2 h6 10. Be3 Be7 11. a3 a5 12. Be2 O-O 13. h3 e4 14. g4 Qe6 15.
Nd4 Nxd4 16. Bxd4 exd3 17. Qxd3 Bh4 18. O-O-O Bd7 19. Rhe1 Qf7 20. Rf1 Bg5+ 21.
Kb1 Bf4 22. Bf3 Bc6 23. Bxc6 bxc6 24. Rde1 d5 25. cxd5 cxd5 26. Re2 Rfe8 27.
Rfe1 c6 28. Qc3 Rxe2 29. Rxe2 Qc7 30. Re6 Kf7 31. Rxc6 Qe7 32. Rc5 Qe4+ 33. Ka2
a4 34. Rb5 Re8 35. Bxg7 d4 36. Qxd4 Qe6+ 0-1

[Event "18 Open international de La Reunion"]
[Site "Salle des fêtes de Bellepierre"]
[Date "2016.10.12"]
[Round "4.16"]
[White "Evrin, Selvam"]
[Black "Leccia, Thomas"]
[Result "1-0"]
[WhiteElo "1498"]
[BlackElo "1211"]
[PlyCount "71"]
[EventDate "2016.??.??"]

1. e4 e6 2. d4 d5 3. Nc3 Nf6 4. e5 Nfd7 5. f4 c5 6. Nf3 Nc6 7. Be3 Qb6 8. Rb1
Be7 9. Be2 O-O 10. O-O Qc7 11. Nb5 Qa5 12. a3 c4 13. Nc3 b5 14. f5 exf5 15.
Nxd5 Nb6 16. Nf4 Be6 17. c3 Nd5 18. Nxd5 Bxd5 19. Ng5 Qd8 20. Qd2 g6 21. Bf3
Bxf3 22. Nxf3 Qd5 23. Qf2 Rad8 24. Qg3 Qe4 25. Bh6 Rfe8 26. h3 Qd5 27. Nh4 Bxh4
28. Qxh4 Re6 29. Bg5 Rd7 30. Bf6 h5 31. Qg5 Kh7 32. Rxf5 Qe4 33. Rbf1 Qc2 34.
Qh4 gxf5 35. Qxh5+ Kg8 36. Qh8# 1-0

[Event "18 Open international de La Reunion"]
[Site "Salle des fêtes de Bellepierre"]
[Date "2016.10.12"]
[Round "4.17"]
[White "Carballar, Eric"]
[Black "Eric Andriana, Fitia"]
[Result "0-1"]
[WhiteElo "1399"]
[BlackElo "1156"]
[PlyCount "56"]
[EventDate "2016.??.??"]

1. e4 c5 2. Bc4 b6 3. Nf3 Bb7 4. Nc3 g6 5. Ng5 e6 6. d3 Bg7 7. Qf3 f5 8. O-O
Ne7 9. Qg3 Nbc6 10. exf5 Nxf5 11. Nb5 Nxg3 12. fxg3 Bd4+ 13. Kh1 Rf8 14. Rxf8+
Kxf8 15. Bxe6 Kg7 16. Bd5 Qf8 17. Nf3 a6 18. Nbxd4 Nxd4 19. c3 Bxd5 20. cxd4
Bxf3 21. Bf4 Be2 22. dxc5 bxc5 23. a3 Bxd3 24. Rd1 Re8 25. h4 c4 26. b3 Bc2 27.
Rf1 Qxa3 28. Bh6+ Kxh6 0-1

[Event "18 Open international de La Reunion"]
[Site "Salle des fêtes de Bellepierre"]
[Date "2016.10.12"]
[Round "4.18"]
[White "Pun Chung, Leo"]
[Black "Turpin, Noah"]
[Result "1-0"]
[WhiteElo "1374"]
[BlackElo "1099"]
[PlyCount "83"]
[EventDate "2016.??.??"]

1. e4 e5 2. Nf3 Nc6 3. Bc4 Nf6 4. d4 d6 5. Ng5 Rg8 6. Bxf7+ Ke7 7. Bxg8 Nxg8 8.
O-O h6 9. Nf3 Bg4 10. Nc3 Nf6 11. b3 Nxd4 12. Ba3 Ke8 13. Qd3 Ne6 14. Nh4 Nd4
15. Nb5 Be2 16. Qd2 Bxf1 17. Nxd4 Nxe4 18. Qd3 Ng5 19. Qf5 exd4 20. Re1+ Be7
21. Ng6 Nh7 22. Rxe7+ Qxe7 23. Nxe7 Kxe7 24. Kxf1 Nf6 25. Bb2 c5 26. c3 Kf7 27.
cxd4 cxd4 28. Bxd4 g6 29. Qb5 Ng4 30. Qd7+ Kf8 31. Qg7+ Ke8 32. Qh8+ Ke7 33.
Qxa8 Nxh2+ 34. Ke2 Ng4 35. Qxb7+ Kd8 36. Qxa7 Ne5 37. Bxe5 dxe5 38. Qb6+ Kc8
39. a4 h5 40. a5 h4 41. a6 g5 42. a7 1-0

[Event "18 Open international de La Reunion"]
[Site "Salle des fêtes de Bellepierre"]
[Date "2016.10.12"]
[Round "4.19"]
[White "Carballar, Alexandre"]
[Black "Le Maguet, Loan"]
[Result "1-0"]
[WhiteElo "1170"]
[BlackElo "1362"]
[PlyCount "146"]
[EventDate "2016.??.??"]

1. e3 e5 2. d4 e4 3. c4 c6 4. Nc3 Nf6 5. Nge2 d5 6. Ng3 Be6 7. cxd5 cxd5 8.
Bb5+ Nbd7 9. Qb3 Bd6 10. Bxd7+ Qxd7 11. Na4 Rc8 12. O-O O-O 13. Bd2 Rfd8 14.
Rac1 b6 15. Rxc8 Rxc8 16. Rc1 Rxc1+ 17. Bxc1 Qb7 18. Ne2 Qa6 19. Nac3 Bd7 20.
Nf4 Bxf4 21. exf4 Bc6 22. g4 Qb7 23. g5 Ne8 24. a4 Nd6 25. Kg2 Nf5 26. Kh3 Nxd4
27. Qd1 Nf3 28. Ne2 Qd7+ 29. Kg3 Bxa4 30. b3 Bc6 31. Nd4 Nxd4 32. Qxd4 Qf5 33.
Qc3 Bd7 34. Kg2 Qg4+ 35. Kh1 Qf3+ 36. Qxf3 exf3 37. h4 Bg4 38. Kg1 Kf8 39. Kf1
Ke7 40. Bb2 g6 41. Ke1 a5 42. Bd4 b5 43. Bb6 a4 44. bxa4 bxa4 45. Kd2 Kd6 46.
Kc3 Kc6 47. Bd4 Kb5 48. Kb2 Kc4 49. Be3 d4 50. Bd2 Kd3 51. Bb4 Ke2 52. Bc5 d3
53. Be3 d2 54. Bxd2 Kxd2 55. Ka3 Ke2 56. Kxa4 Kxf2 57. Kb5 Kg2 58. Kc6 f2 59.
Kd6 f1=Q 60. Ke7 Qxf4 61. Kf8 Be6 62. Kg7 Qxh4 63. Kf8 Bg4 64. Kg7 Qxg5 65. Kg8
Qe7 66. Kg7 f5+ 67. Kh6 Qf6 68. Kxh7 Kf3 69. Kg8 Qe7 70. Kh8 Kf4 71. Kg8 Kg5
72. Kh8 Kf6 73. Kg8 Qg7# 1-0

[Event "18 Open international de La Reunion"]
[Site "Salle des fêtes de Bellepierre"]
[Date "2016.10.12"]
[Round "4.20"]
[White "Leccia, Antoine"]
[Black "Mohamed, Keziah"]
[Result "1-0"]
[WhiteElo "1342"]
[BlackElo "1010"]
[PlyCount "41"]
[EventDate "2016.??.??"]

1. d4 d5 2. Nf3 Nc6 3. c4 e5 4. dxe5 dxc4 5. Qxd8+ Nxd8 6. e3 Be6 7. Be2 Nc6 8.
O-O O-O-O 9. Nbd2 b5 10. b3 Na5 11. bxc4 bxc4 12. Ng5 Bd5 13. e4 c3 14. Ndf3
Bc6 15. Nxf7 Bxe4 16. Nxd8 Kxd8 17. Be3 Nc4 18. Bxc4 Bb4 19. Rfd1+ Kc8 20. Ba6+
Kb8 21. Rd8# 1-0

[Event "18 Open international de La Reunion"]
[Site "Salle des fêtes de Bellepierre"]
[Date "2016.10.12"]
[Round "4.21"]
[White "Laoussing, Mathis"]
[Black "Deschamps, Nathalie"]
[Result "0-1"]
[WhiteElo "1145"]
[BlackElo "1314"]
[PlyCount "104"]
[EventDate "2016.??.??"]

1. e4 b6 2. d4 Bb7 3. Nc3 e6 4. Bc4 Bb4 5. Qd3 Nf6 6. f3 h6 7. Nge2 O-O 8. Be3
d6 9. a3 Bxc3+ 10. Qxc3 Nbd7 11. O-O c5 12. Qd2 Qc7 13. Bxh6 gxh6 14. Qxh6 cxd4
15. Bd3 e5 16. Ng3 Ne8 17. Nf5 Nc5 18. Bb5 f6 19. Nh4 Qh7 20. Nf5 Qxh6 21.
Nxh6+ Kh7 22. Nf5 Ba6 23. Bxa6 Nxa6 24. b4 Rc8 25. Rac1 b5 26. h3 Rc3 27. Ne7
Rxa3 28. Ra1 Ra4 29. Rxa4 bxa4 30. Ra1 Nxb4 31. Rxa4 a5 32. Rxa5 Rf7 33. Nf5
Nxc2 34. Kf2 Rb7 35. Ke2 Ng7 36. Ng3 Ne3 37. Kf2 Ne6 38. Ne2 d5 39. Ra6 Nc5 40.
Rxf6 dxe4 41. Ng3 exf3 42. gxf3 Nd3+ 43. Kg1 Rg7 44. Kh2 Nc5 45. Rd6 Rxg3 46.
Kxg3 Nf5+ 47. Kf2 Nxd6 48. Ke2 Kg6 49. Kd2 Kg5 50. Ke2 Kh4 51. Kf2 Kxh3 52. Ke2
Kg3 0-1

[Event "18 Open international de La Reunion"]
[Site "Salle des fêtes de Bellepierre"]
[Date "2016.10.12"]
[Round "4.23"]
[White "Payet, Bruno"]
[Black "Siffert, Arman"]
[Result "0-1"]
[WhiteElo "1111"]
[BlackElo "1270"]
[PlyCount "74"]
[EventDate "2016.??.??"]

1. e4 e5 2. Nc3 Nf6 3. Bc4 Nc6 4. Nf3 Bc5 5. d3 h6 6. h3 d6 7. Qe2 Bd7 8. Bd2
Nd4 9. Nxd4 Bxd4 10. O-O-O c6 11. g3 a6 12. f4 Qb6 13. fxe5 dxe5 14. Rdf1 Qc7
15. Qf3 b5 16. Bb3 a5 17. a3 b4 18. Ne2 bxa3 19. Nxd4 axb2+ 20. Kb1 exd4 21. g4
a4 22. Ba2 a3 23. e5 Nd5 24. Qxf7+ Kd8 25. Qxg7 Re8 26. Qxh6 Qb7 27. Rf7 c5 28.
Re1 Ne7 29. Qd6 Ra6 30. Qxc5 Qc7 31. Qxd4 Kc8 32. Bf4 Ba4 33. c4 Qa5 34. Bg3
Rc6 35. Rf6 Qd2 36. Rxc6+ Nxc6 37. Qf2 Bc2# 0-1

[Event "18 Open international de La Reunion"]
[Site "Salle des fêtes de Bellepierre"]
[Date "2016.10.12"]
[Round "4.25"]
[White "Hubert, Nathan"]
[Black "Laoussing, Stephane"]
[Result "1-0"]
[WhiteElo "1080"]
[BlackElo "1399"]
[PlyCount "123"]
[EventDate "2016.??.??"]

1. d4 Nf6 2. c4 d6 3. Nc3 b6 4. e4 Bb7 5. Bd3 e5 6. d5 Nbd7 7. Nf3 Nc5 8. Bc2
a5 9. Ba4+ Nxa4 10. Qxa4+ Qd7 11. Nb5 c6 12. dxc6 Bxc6 13. Be3 Rb8 14. Nd2 Qb7
15. f3 Bxb5 16. Qxb5+ Qd7 17. Qxd7+ Nxd7 18. b3 Nc5 19. Ke2 Be7 20. g3 h5 21.
Nb1 h4 22. g4 h3 23. Nc3 b5 24. Nd5 bxc4 25. bxc4 Rb2+ 26. Bd2 Bg5 27. Rhd1 Kd7
28. Ke1 Nd3+ 29. Ke2 Nf4+ 30. Kf1 Nxd5 31. Bxg5 Rxh2 32. cxd5 Rg2 33. Rab1 Rc2
34. Rb7+ Rc7 35. Rxc7+ Kxc7 36. Rc1+ Kb7 37. a4 h2 38. Kg2 f6 39. Be3 g6 40.
Rb1+ Kc8 41. f4 Rh4 42. Rf1 g5 43. fxg5 fxg5 44. Rf8+ Kd7 45. Rf7+ Ke8 46. Re7+
Kxe7 47. Bxg5+ Kf8 48. Bxh4 Kg7 49. Kxh2 Kg6 50. Kh3 Kh6 51. g5+ Kh5 52. Kg3
Kg6 53. Kg4 Kg7 54. Kh5 Kg8 55. g6 Kg7 56. Be7 Kg8 57. Bxd6 Kg7 58. Bxe5+ Kg8
59. d6 Kf8 60. Kh6 Kg8 61. d7 Kf8 62. d8=Q# 1-0

[Event "18 Open international de La Reunion"]
[Site "Salle des fêtes de Bellepierre"]
[Date "2016.12.08"]
[Round "4.26"]
[White "Payet, Quentin"]
[Black "Alex-Geerjanan, Nils"]
[Result "1-0"]
[WhiteElo "1199"]
[BlackElo "1070"]
[PlyCount "39"]
[EventDate "2016.??.??"]

1. e4 e5 2. Nf3 Nc6 3. Bc4 Nf6 4. Nc3 Bc5 5. O-O O-O 6. h3 d6 7. Re1 Be6 8. Bb3
Qd7 9. Bxe6 Qxe6 10. d3 Qe7 11. Bg5 h6 12. Nd5 Qd8 13. Bxf6 gxf6 14. Nh4 f5 15.
Qh5 Kh8 16. Qxh6+ Kg8 17. Nf6+ Qxf6 18. Qxf6 Kh7 19. Nxf5 Nd4 20. Qg7# 1-0

[Event "18 Open international de La Reunion"]
[Site "Salle des fêtes de Bellepierre"]
[Date "2016.10.12"]
[Round "4.27"]
[White "Padre, Bryan"]
[Black "Leonardy, Batiste"]
[Result "0-1"]
[WhiteElo "1110"]
[BlackElo "1195"]
[PlyCount "74"]
[EventDate "2016.??.??"]

1. e4 e5 2. Nf3 Nc6 3. d4 d6 4. Bc4 Nxd4 5. Nxd4 exd4 6. Qxd4 c5 7. Qd5 Qe7 8.
Nc3 Be6 9. Qd3 Rd8 10. Bf4 Nf6 11. O-O a6 12. Bxe6 fxe6 13. Qe3 e5 14. Bg5 b5
15. Rad1 h6 16. Bxf6 Qxf6 17. b3 Qf7 18. Rd2 Rc8 19. Rfd1 Rc6 20. a4 b4 21. Nd5
Qg6 22. Qd3 Be7 23. Nxe7 Kxe7 24. g3 Rf8 25. Kf1 Qxe4 26. Re2 Qf5 27. Kg2 Rc7
28. Red2 h5 29. Rf1 Qg5 30. Kh1 Qxd2 31. Qe4 Rxf2 32. Rxf2 Qxf2 33. h4 Qxg3 34.
Qd5 Qxh4+ 35. Kg1 Qe1+ 36. Kg2 Qe2+ 37. Kg1 Qxc2 0-1

[Event "18 Open international de La Reunion"]
[Site "Salle des fêtes de Bellepierre"]
[Date "2016.10.13"]
[Round "5.2"]
[White "Calmels, Nicolas"]
[Black "Mezouaghi, Miloud"]
[Result "0-1"]
[WhiteElo "1863"]
[BlackElo "2057"]
[PlyCount "125"]
[EventDate "2016.??.??"]

1. d4 Nf6 2. c4 g6 3. Nc3 Bg7 4. e4 d6 5. Be2 O-O 6. Be3 Na6 7. g4 c5 8. d5 Nc7
9. g5 Nd7 10. Qd2 a6 11. f4 b5 12. h4 bxc4 13. h5 Re8 14. hxg6 hxg6 15. Bxc4
Nf8 16. e5 Bf5 17. e6 Rb8 18. O-O-O Nb5 19. Nxb5 axb5 20. Bd3 Bxd3 21. Qxd3 Qa5
22. Rd2 Qxa2 23. Kd1 Bxb2 24. Qc2 Qa1+ 25. Ke2 Bc3 26. Rd3 Qe1+ 27. Kf3 Qf1+
28. Kg3 Be1+ 29. Kh2 b4 30. Ne2 Qf3 31. Rxe1 b3 32. Qb1 c4 33. Nd4 Qxd5 34. Rc3
Ra8 35. f5 Ra2+ 36. Re2 Rxe2+ 37. Nxe2 gxf5 38. Nf4 Qe5 39. Rxc4 Qxe3 40. Qxf5
Nxe6 41. g6 fxg6 42. Qxg6+ Ng7 43. Re4 Qf3 44. Ne6 Qh5+ 45. Qxh5 Nxh5 46. Rb4
Kf7 47. Nd4 e5 48. Ne2 Rh8 49. Kg2 Rc8 50. Rxb3 Rc2 51. Kf3 Ke6 52. Re3 Rc4 53.
Ra3 d5 54. Ra6+ Kf5 55. Rh6 Kg5 56. Rd6 Nf6 57. Ke3 Ra4 58. Re6 Ra3+ 59. Kd2
Kf5 60. Rb6 Ra2+ 61. Ke1 Ne4 62. Kf1 d4 63. Rb4 0-1

[Event "18 Open international de La Reunion"]
[Site "Salle des fêtes de Bellepierre"]
[Date "2016.10.13"]
[Round "5.3"]
[White "Testud, Philippe"]
[Black "Jubin, Thierry"]
[Result "1-0"]
[WhiteElo "2202"]
[BlackElo "1690"]
[PlyCount "41"]
[EventDate "2016.??.??"]

1. c4 c6 2. g3 d5 3. Bg2 Bf5 4. cxd5 cxd5 5. Qb3 Qc7 6. Nc3 e6 7. d4 a6 8. Bf4
Qd7 9. Nf3 Nc6 10. O-O Nf6 11. Ne5 Nxe5 12. dxe5 Ng8 13. e4 dxe4 14. Rfd1 Qc7
15. Rac1 Rd8 16. Nxe4 Rxd1+ 17. Qxd1 Qb8 18. Qa4+ b5 19. Qxa6 Kd8 20. Rd1+ Ke7
21. Qc6 1-0

[Event "18 Open international de La Reunion"]
[Site "Salle des fêtes de Bellepierre"]
[Date "2016.10.13"]
[Round "5.4"]
[White "Rajaobelina, Hery"]
[Black "Coent, Yann"]
[Result "1-0"]
[WhiteElo "1683"]
[BlackElo "1812"]
[PlyCount "73"]
[EventDate "2016.??.??"]

1. e4 e5 2. Nf3 Nc6 3. Bb5 a6 4. Ba4 Nf6 5. O-O Be7 6. Re1 b5 7. Bb3 O-O 8. h3
d6 9. c3 Na5 10. Bc2 c5 11. d4 Qc7 12. d5 c4 13. Be3 Bd7 14. Nbd2 Nb7 15. a4
Nc5 16. Bxc5 Qxc5 17. Qe2 Rfb8 18. Reb1 g6 19. Nf1 Nh5 20. Qe3 Qc8 21. a5 Nf4
22. Ng3 Bxh3 23. gxh3 Qxh3 24. Ne1 Bh4 25. Bd1 f5 26. Qf3 Rf8 27. exf5 gxf5 28.
Ng2 Nd3 29. Nxh4 Qxh4 30. Nh5 Kh8 31. Kf1 Rg8 32. Ng3 Qh3+ 33. Ke2 f4 34. Ne4
Qh2 35. Bc2 Nc5 36. Nxc5 e4 37. Nxe4 1-0

[Event "18 Open international de La Reunion"]
[Site "Salle des fêtes de Bellepierre"]
[Date "2016.10.13"]
[Round "5.5"]
[White "Herrero, Alain"]
[Black "Desire, Michael"]
[Result "0-1"]
[WhiteElo "1658"]
[BlackElo "1808"]
[PlyCount "86"]
[EventDate "2016.??.??"]

1. d4 Nf6 2. c4 e5 3. dxe5 Ng4 4. Nf3 Nc6 5. Nc3 Bc5 6. e3 O-O 7. Be2 Ncxe5 8.
Nxe5 Nxe5 9. O-O c6 10. Ne4 Be7 11. c5 b6 12. b4 a5 13. Bb2 Ng6 14. Qd4 f6 15.
Bc4+ Kh8 16. Nd6 Bxd6 17. Qxd6 b5 18. Bb3 axb4 19. Rfd1 Qe8 20. Rd4 Qe5 21. Rb1
Qxd6 22. Rxd6 Re8 23. g3 h6 24. Bf7 Ne5 25. Bxe8 Nc4 26. Rd4 Rxa2 27. Bc1 Rc2
28. Bg6 Rc3 29. Kg2 b3 30. Bb2 Nxb2 31. Rxb2 Rxc5 32. Rxb3 Rg5 33. Be4 d5 34.
Bf3 Be6 35. Rd2 Kg8 36. Rc3 Bd7 37. Rc5 Re5 38. h3 Kf8 39. h4 Ke7 40. Kf1 Kd6
41. Rdc2 Re8 42. R5c3 b4 43. Rb3 c5 0-1

[Event "18 Open international de La Reunion"]
[Site "Salle des fêtes de Bellepierre"]
[Date "2016.10.13"]
[Round "5.6"]
[White "Triton, Maxime"]
[Black "Goorsahye, Antoine"]
[Result "0-1"]
[WhiteElo "1771"]
[BlackElo "1672"]
[PlyCount "70"]
[EventDate "2016.??.??"]

1. e4 e5 2. Nf3 Nc6 3. Bb5 a6 4. Ba4 Nf6 5. O-O Be7 6. Re1 b5 7. Bb3 O-O 8. c3
d5 9. exd5 Nxd5 10. Nxe5 Nxe5 11. Rxe5 c6 12. d4 Bd6 13. Re1 Qh4 14. g3 Qh3 15.
Qf3 Bg4 16. Qg2 Qh5 17. Be3 Rae8 18. Nd2 Re6 19. c4 bxc4 20. Nxc4 Bb4 21. Bd2
Bf3 22. Qf1 Be2 23. Qg2 Bxd2 24. Nxd2 Nf4 25. gxf4 Rg6 26. Bd1 Bxd1 27. Raxd1
Rxg2+ 28. Kxg2 Qg4+ 29. Kf1 Qxf4 30. Nb3 Qxh2 31. Rc1 Qh1+ 32. Ke2 Re8+ 33. Kd2
Qh6+ 34. Kd3 Rxe1 35. Rxe1 Qh3+ 0-1

[Event "18 Open international de La Reunion"]
[Site "Salle des fêtes de Bellepierre"]
[Date "2016.10.13"]
[Round "5.7"]
[White "Andriandaza, Tombo Omar"]
[Black "Play, Gilles"]
[Result "1/2-1/2"]
[WhiteElo "1699"]
[BlackElo "1514"]
[PlyCount "83"]
[EventDate "2016.??.??"]

1. e4 e5 2. Nf3 Nc6 3. Bc4 Nf6 4. O-O Nxe4 5. Qe2 d5 6. d3 dxc4 7. Qxe4 Bd6 8.
d4 f5 9. Qd5 e4 10. Ne5 Bxe5 11. Qxd8+ Nxd8 12. dxe5 Nf7 13. Nc3 c6 14. f4 Be6
15. Be3 O-O 16. Rfd1 b6 17. Ne2 c5 18. Nc3 Rfd8 19. Nb5 Rd7 20. Kf2 Rad8 21.
Ke1 a6 22. Rxd7 Rxd7 23. Nc3 Nd8 24. Na4 Nc6 25. c3 Rd3 26. Ke2 Ne7 27. Nxb6
Nd5 28. Nxd5 Bxd5 29. g3 Kf7 30. Rg1 h5 31. h3 Be6 32. h4 Ke8 33. Bxc5 Kd7 34.
Rd1 Kc6 35. Bf8 g6 36. Rxd3 cxd3+ 37. Kd2 Bxa2 38. b4 Kb5 39. Bd6 Be6 40. Bb8
Kc4 41. Ba7 Bd5 42. Be3 1/2-1/2

[Event "18 Open international de La Reunion"]
[Site "Salle des fêtes de Bellepierre"]
[Date "2016.10.13"]
[Round "5.8"]
[White "Payet, Jean-Claude"]
[Black "Cochard, Franck-Olivier"]
[Result "1-0"]
[WhiteElo "1865"]
[BlackElo "1588"]
[PlyCount "90"]
[EventDate "2016.??.??"]

1. e4 d5 2. exd5 Qxd5 3. Nc3 Qd6 4. h3 a6 5. Nf3 Nf6 6. d4 Bf5 7. Bd3 Bxd3 8.
Qxd3 Nc6 9. Be3 e6 10. a3 g6 11. Ne4 Nxe4 12. Qxe4 Bg7 13. c3 Qd5 14. Qh4 Qb3
15. Rb1 h6 16. Nd2 Qc2 17. Qe4 Qxe4 18. Nxe4 b6 19. O-O g5 20. f4 gxf4 21. Rxf4
Ne7 22. Rbf1 Rf8 23. Nf6+ Bxf6 24. Rxf6 Nd5 25. R6f3 Nxe3 26. Rxe3 Rd8 27. Re5
Rd5 28. Rxd5 exd5 29. Rf5 c6 30. Rf6 Kd7 31. Rxh6 f6 32. Kf2 Kd6 33. Ke3 c5 34.
g4 Re8+ 35. Kd3 c4+ 36. Kd2 Ke7 37. Rh5 Ke6 38. Ke3 Kd6+ 39. Kf2 Kc6 40. Rf5
Re6 41. h4 Kb5 42. h5 Ka4 43. h6 Re7 44. Rxf6 b5 45. Kf1 Rh7 1-0

[Event "18 Open international de La Reunion"]
[Site "Salle des fêtes de Bellepierre"]
[Date "2016.10.13"]
[Round "5.9"]
[White "Bah, Ismael"]
[Black "Etheve, Lionel"]
[Result "1/2-1/2"]
[WhiteElo "1786"]
[BlackElo "1494"]
[PlyCount "94"]
[EventDate "2016.??.??"]

1. Nf3 Nf6 2. b3 g6 3. Bb2 Bg7 4. e3 d6 5. Be2 Nc6 6. d4 e6 7. O-O O-O 8. c4 d5
9. Nc3 Re8 10. Re1 a6 11. a3 Ne7 12. Ne5 c6 13. Qc2 Nd7 14. Nxd7 Bxd7 15. c5 e5
16. Na4 e4 17. Nb6 Rb8 18. Nxd7 Qxd7 19. f4 exf3 20. Bxf3 Qc7 21. e4 dxe4 22.
Rxe4 Nf5 23. Rae1 Rxe4 24. Qxe4 Rd8 25. Rd1 Qe7 26. Qxe7 Nxe7 27. g4 Nd5 28.
Bxd5 Rxd5 29. Kf2 Kf8 30. Ke2 f5 31. Rf1 Bh6 32. Kd3 Ke7 33. gxf5 Rxf5 34. Re1+
Kd7 35. Re2 Rf3+ 36. Kc4 Re3 37. Rf2 Ke6 38. Bc1 Rh3 39. Bxh6 Rxh6 40. b4 Rh3
41. Re2+ Kd7 42. a4 Ra3 43. a5 Ra1 44. Re3 Rc1+ 45. Kb3 Rb1+ 46. Kc4 Rc1+ 47.
Kb3 Rb1+ 1/2-1/2

[Event "18 Open international de La Reunion"]
[Site "Salle des fêtes de Bellepierre"]
[Date "2016.10.13"]
[Round "5.10"]
[White "Dazin, Nathan"]
[Black "Duprey, Francois-Xavier"]
[Result "0-1"]
[WhiteElo "1229"]
[BlackElo "1637"]
[PlyCount "78"]
[EventDate "2016.??.??"]

1. e4 d5 2. exd5 Qxd5 3. Nc3 Qa5 4. Nf3 Nf6 5. h3 Bf5 6. Bc4 e6 7. a3 c6 8. O-O
Be7 9. d3 Nbd7 10. Bf4 Nd5 11. Bxd5 cxd5 12. Nd4 Bg6 13. b4 Qb6 14. Ndb5 O-O
15. Be3 Qc6 16. Qd2 b6 17. Nd4 Qb7 18. Rfe1 e5 19. Nb3 d4 20. Nxd4 exd4 21.
Bxd4 Bf6 22. Bxf6 Nxf6 23. Qf4 Rac8 24. Ne4 Bxe4 25. dxe4 Rc4 26. Rad1 h6 27.
Rd3 Re8 28. f3 Rxc2 29. Red1 b5 30. Qf5 Qb6+ 31. Kh1 Qf2 32. Rg1 Re2 33. Rdd1
a6 34. Rc1 Qh4 35. Rcd1 Nh5 36. Qd7 Ng3+ 37. Kh2 Qf4 38. Rge1 Nf1+ 39. Kg1 Qh2+
0-1

[Event "18 Open international de La Reunion"]
[Site "Salle des fêtes de Bellepierre"]
[Date "2016.10.13"]
[Round "5.12"]
[White "Vitry, Patrick"]
[Black "Leccia, Antoine"]
[Result "1-0"]
[WhiteElo "1613"]
[BlackElo "1342"]
[PlyCount "47"]
[EventDate "2016.??.??"]

1. e4 e5 2. Nf3 Nc6 3. Bb5 a6 4. Ba4 Nf6 5. O-O b5 6. Bb3 Bc5 7. d3 d6 8. Bg5
Rb8 9. Nc3 Bg4 10. h3 Be6 11. Nd5 Bxd5 12. Bxd5 Nb4 13. Bb3 h6 14. Bh4 O-O 15.
c3 Nc6 16. Qd2 Re8 17. Bd5 Na7 18. d4 Bb6 19. Rfe1 c6 20. Bb3 a5 21. g4 g5 22.
Nxg5 hxg5 23. Qxg5+ Kf8 24. Qh6+ 1-0